Gazi'nin hayatı (Record no. 10028)
[ view plain ]
| 000 -BAŞLIK | |
|---|---|
| Sabit Uzunlukta Kontrol Alanı | 00898na a2200265 4500 |
| 001 - KONTROL NUMARASI | |
| Denetim Alanı | 13986 |
| 003 - KONTROL NUMARASI IDENTIFIER | |
| Denetim Alanı | MIRAKIL |
| 005 - SON İŞLEM TARİHİ VE ZAMANI | |
| Denetim Alanı | 20181213155304.0 |
| 008 - SABİT-BOY VERİ ELEMANLARI - GENEL BİLGİLER | |
| Sabit Uzunlukta Kontrol Alanı | 160923b tu 000 0 |
| 020 ## - ULUSLARARASI STANDART KİTAP NUMARASI | |
| Uluslararası Standart Kitap Numarası | 9756774177 |
| 035 ## - SİSTEM KONTROL NUMARASI | |
| Sistem Kontrol Numarası | 13986 |
| 040 ## - KATALOGLAMA KAYNAK | |
| Orijinal Kataloglama Ajansı | Milas |
| Kataloglama Dili | tur |
| Metne Dönüştürmek Ajansı | TR-AnCHP |
| 082 ## - DEWEY ONLU SINIFLANDIRMA NUMARASI | |
| Sınıflandırma Numarası | ATA 923.156 |
| Ürün Numarası | K27g 1997 |
| 090 ## - SINIFLAMA NUMARASI | |
| Sınıflama Numarası | ATA 923.156 K27g 1997 |
| 100 ## - ANA GİRİŞ - KİŞİSEL İSİM | |
| Kişisel Ad | Kasım, Naci |
| 245 ## - BAŞLIK TABLOSU | |
| Başlık | Gazi'nin hayatı |
| Sorumluluk Tablosu, Vb | Naci Kasım ; günümüz Türkçesi Arif Hikmet Bildik |
| 260 ## - YAYIN, DAĞITIM, VB | |
| Yayın, Dağıtım, Vb Yeri | İstanbul |
| Yayıncı, Dağıtıcı, Vs Adı | Toplumsal dönüşüm yayınları |
| Yayın, Dağıtım, Vb Tarihi | 1997 |
| 300 ## - FİZİKSEL TANIM | |
| Kapsam | 237 s. |
| Boyutlar | 20 sm. |
| 490 ## - SERİSİ TABLOSU | |
| Seri Beyanı | Araştırma ve İnceleme |
| Hacim / Ardışık Tanımı | 29 |
| 490 ## - SERİSİ TABLOSU | |
| Seri Beyanı | Toplumsal Dönüşüm Yayınları |
| Hacim / Ardışık Tanımı | 115 |
| 600 ## - KONU KATMA GİRİŞ - KURUMSAL ADI | |
| Kişisel Ad | Atatürk, Mustafa Kemal |
| Bir Adıyla İlişkilendirilen Tarihler | 1881-1938 |
| Genel Alt Bölümü | Atatürk devrimleri |
| 600 ## - KONU KATMA GİRİŞ - KURUMSAL ADI | |
| Kişisel Ad | Atatürk, Mustafa Kemal |
| Bir Adıyla İlişkilendirilen Tarihler | 1881-1938 |
| Genel Alt Bölümü | Yaşamöyküsü |
| 650 ## - KONU KATMA GİRİŞ - TOPİKAL DÖNEM | |
| Topikal Süreli Veya Coğrafi Ad Giriş Elemanı | Cumhurbaşkanları |
| Genel Alt Bölümü | Yaşamöyküsü |
| Kronolojik Alt Bölümü | 20. yüzyıl |
| Coğrafi Alt Bölümü | Türkiye |
| 942 ## - EKLENDİ GİRİŞ ELEMANLARI (KOHA) | |
| Sınıflandırma Veya Raf Düzeni Kaynak | |
| Koha Öğesi Türü | Books |
| 999 ## - SİSTEM KONTROL NUMARALARI (KOHA) | |
| Koha Biblionumber | 10028 |
| Koha Biblioitemnumber | 10028 |
| Kalıcı Konum | Mevcut Konum | Edinme Tarihi | Edinim Kaynak | Toplam Check-Out'Lar | Tam Çağrı Numarası | Barkod | Tarih Son Görülme | İtibaren Geçerli Fiyatlar | Koha Öğesi Türü | Kopya Sayısı |
|---|---|---|---|---|---|---|---|---|---|---|
| CHP Kütüphanesi | CHP Kütüphanesi | 08/23/2016 | Bağış | ATA 923.156 K27g 1997 | 001775 | 08/23/2016 | 08/23/2016 | Books | ||
| CHP Kütüphanesi | CHP Kütüphanesi | 08/26/2016 | Bağış | ATA 923.156 K27g 1997 | 002184 | 08/26/2016 | 08/26/2016 | Books | k.2 |
